Výzvy české diplomace na prahu 21. století

Nové paradigma zahraničnej politiky a možnosti českej diplomacie. Národné záujmy a kompetitívnosť medzinárodných vzťahov. Geopolitický operačný priestor českej diplomacie. Prístupy k zmene zahraničnej politiky a diplomacie.

Na minha lista:
Detalhes bibliográficos
Autor principal: Robejšek, Petr
Formato: Capítulo de Livro
Idioma:tcheco
Assuntos:
Tags: Adicionar Tag
Sem tags, seja o primeiro a adicionar uma tag!

MARC

LEADER 00000naa a2200000 4500
001 r045033
005 20231004105140.1
041 0 |a cze 
044 |a CZ 
245 1 0 |a Výzvy české diplomace na prahu 21. století  |c Petr Robejšek 
520 |a Nové paradigma zahraničnej politiky a možnosti českej diplomacie. Národné záujmy a kompetitívnosť medzinárodných vzťahov. Geopolitický operačný priestor českej diplomacie. Prístupy k zmene zahraničnej politiky a diplomacie. 
610 2 0 |a vzťahy politické medzinárodné 
610 2 0 |a politika zahraničná 
610 2 0 |a Česko 
610 2 0 |a diplomacia 
100 1 |a Robejšek, Petr